000 00775nam a22002177a 4500
003 0
005 20250217162844.0
008 250217b xxu||||| |||| 00| 0 eng d
050 _aG 155
_b.D59 2023
100 _aDizon, James
245 _aThe influence of social media platforms on the choice of travel destination for millenials and baby boomers
_cJames Dizon
260 _aLas Pinas City
_bSouthville International School and Colleges
_c2023
300 _ax, 127 pages ;
_c28cm.
500 _aBachelor of Science in Tourism.
504 _aIncludes bibliographical references and appendices.
650 _aTourism—Marketing.
650 _aSocial media—Influence.
650 _aMillennials—Travel.
650 _aBaby-boomers—Travel.
942 _2lcc
_cTH
999 _c367240
_d367240